Kancyonal To gest Knjha Žalmů y Pjsnj Duchownjch : od rozličných Mužů Božjch Bratřj Českých y giných k Wzdělánj Probuzenj a Potěssenj Cyrkwe Krystowé w Bázni Božj složených, sebraných, a wydaných : Nynj pak pro Nedostatek potřebných Exemplářů we Gménu Páně w nowě zase wytisstěných, a Podlé Prawidla samého čistého y celého Slowa Božjho vpřjmně spořadaných

Hlavní autor: Elsner, Jan Theofil, 1717-1782
Jazyk: Čeština
Vydáno: W Berljně : v Krystyána Ludwika Kunsta, 1753
Témata:
Externí odkaz: Digitalizovaný dokument
Fyzický popis: [67], 914, [82] s., front. ; 12°
Knihy
Uloženo v:
LEADER 01852nam a2200349 a 4500
001 mzk03000710479
003 CZ BrMZK
005 20141016091637.0
008 040403s1753 gw fr|||||00| ||czeod
040 |a BOA001  |b cze 
072 7 |a 094  |x Staré tisky  |2 Konspekt  |9 12 
080 |a (0.068)094  |2 MRF 
100 1 |a Elsner, Jan Theofil,  |d 1717-1782  |7 jk01030436  |4 aut 
245 1 0 |a Kancyonal To gest Knjha Žalmů y Pjsnj Duchownjch :  |b od rozličných Mužů Božjch Bratřj Českých y giných k Wzdělánj Probuzenj a Potěssenj Cyrkwe Krystowé w Bázni Božj složených, sebraných, a wydaných : Nynj pak pro Nedostatek potřebných Exemplářů we Gménu Páně w nowě zase wytisstěných, a Podlé Prawidla samého čistého y celého Slowa Božjho vpřjmně spořadaných 
246 3 |a Knjha Žalmů y Pjsnj Duchownjch 
260 |a W Berljně :  |b v Krystyána Ludwika Kunsta,  |c 1753 
300 |a [67], 914, [82] s., front. ;  |c 12° 
500 |a Výzdoba: Vlysy, viněty a ozdobné linky z typografických ozdůbek 
500 |a Dostupné též v digitalni podobě na: http://kramerius.mzk.cz 
561 |a Provenience: František Zelený Klobouky u Brna 
563 |a Původní kožená vazba s otřelou zlacenou výzdobou 
590 |a Chybí frontispis, 2 úvodní listy, německá dedikace, s. 767/768, 865/866, 909/910, v rejstříku listy Rr10, Ssl a 7 listů na konci 
510 4 |a Knihopis,  |c K02235  |u https://aleph.nkp.cz/F/?func=direct&doc_number=000017904&local_base=KPS 
655 7 |a staré tisky  |7 fd422076  |2 czenas 
856 4 1 |u http://www.digitalniknihovna.cz/mzk/uuid/uuid:ff8017a4-87be-4fc7-8823-50d5b022c74e  |y Digitalizovaný dokument 
903 |a RP 
910 |a BOA001  |b ST1-0140.495,B 
978 |b Kunst, Christian Ludwig  |a Berlin  |c 1753 
985 |a 1751-1800 
990 |a BK 
993 |a Y 
991 |p EOD 2014/1016  |k mzk